书目信息 |
| 题名: |
小波分析及其应用
|
|
| 作者: | 刘明才 编著 | |
| 分册: | ||
| 出版信息: | 北京 清华大学出版社 2005 |
|
| 页数: | 138页 | |
| 开本: | 23cm | |
| 丛书名: | ||
| 单 册: | ||
| 中图分类: | O241.86 , O177 | |
| 科图分类: | ||
| 主题词: | 调和分析 , 数学分析 | |
| 电子资源: | ||
| ISBN: | 7-302-11359-9 | |
| 000 | 00826nam0 2200241 450 | |
| 001 | 002980182 | |
| 005 | 20070602093952.64 | |
| 010 | @a7-302-11359-9@dCNY16.00 | |
| 100 | @a20050119d2005 em y0chiy0110 ea | |
| 101 | 0 | @achi |
| 102 | @aCN@b110000 | |
| 105 | @ay z 000yy | |
| 200 | 1 | @a小波分析及其应用@9xiao bo fen xi ji qi ying yong@f刘明才编著 |
| 210 | @a北京@c清华大学出版社@d2005 | |
| 215 | @a138页@d23cm | |
| 330 | @a本书主要介绍了小波分析及其应用,内容包括:多分辨分析、正交小波、双正交小波、小波包、多小波、多元小波、区间上的小波和小波变换,应用方面主要介绍小波分析在信号处理、图像压缩和解积分方程方面的应用。 | |
| 606 | 0 | @a调和分析 |
| 606 | 0 | @a数学分析 |
| 690 | @aO241.86@v4 | |
| 690 | @aO177@v3 | |
| 701 | 0 | @a刘明才@9liu ming cai@f(1956~)@4编著 |
| 801 | 0 | @aCN@bNLC@c20070602 |
| 905 | @a10447@dO177@e76 | |
| 小波分析及其应用/刘明才编著.-北京:清华大学出版社,2005 |
| 138页;23cm |
| ISBN 7-302-11359-9:CNY16.00 |
| 本书主要介绍了小波分析及其应用,内容包括:多分辨分析、正交小波、双正交小波、小波包、多小波、多元小波、区间上的小波和小波变换,应用方面主要介绍小波分析在信号处理、图像压缩和解积分方程方面的应用。 |
| ● |
| 相关链接 |
|
|
|
|
正题名:小波分析及其应用
索取号:O177/76
 
预约/预借
| 序号 | 登录号 | 条形码 | 馆藏地/架位号 | 状态 | 备注 |
| 1 | 0524371 | 205243716 | 第二样本阅览室/ [索取号:O177/76] | 在馆 | |
| 2 | 0524372 | 205243725 | 第三借阅区/ [索取号:O177/76] | 在馆 | |
| 3 | 0524373 | 205243734 | 第三借阅区/ [索取号:O177/76] | 在馆 | |
| 4 | 0524374 | 205243743 | 第三借阅区/ [索取号:O177/76] | 在馆 | |
| 5 | 0524375 | 205243752 | 第三借阅区/ [索取号:O177/76] | 在馆 | |
| 6 | 0524376 | 205243761 | 第三借阅区/ [索取号:O177/76] | 在馆 | |
| 7 | 0524377 | 205243770 | 第三借阅区/ [索取号:O177/76] | 在馆 | |
| 8 | 0524378 | 205243789 | 第三借阅区/ [索取号:O177/76] | 在馆 |